| 000 | 00510nam a22001577a 4500 | ||
|---|---|---|---|
| 003 | macl | ||
| 005 | 20181229123421.0 | ||
| 008 | 181229b xxu||||| |||| 00| 0 eng d | ||
| 040 | _cmacl | ||
| 082 | _a300 | ||
| 100 |
_aआनान्द ,डॉ जयजयराम _973558 |
||
| 245 | _aबाल समस्याऍ कारण अौर निदान | ||
| 260 |
_aकानपुर _bआराधना ब्रदर्स _c2016 |
||
| 650 |
_aसोसल _970399 |
||
| 942 |
_2ddc _cHIN |
||
| 999 |
_c58828 _d58828 |
||